Welcome to the Holygrace Academy Library

Please use search bar below to get started

NARANANTHU BHRANT5HAN (Record no. 1525)

MARC details
000 -LEADER
fixed length control field 00341nam a22001457a 4500
020 ## - INTERNATIONAL STANDARD BOOK NUMBER
ISBN 894.812.3
082 ## - DEWEY DECIMAL CLASSIFICATION NUMBER
Classification number 894.812.3
Item number KAV/N
100 ## - MAIN ENTRY--AUTHOR NAME
Personal name KAVILPPADU, A. B. V
245 ## - TITLE STATEMENT
Title NARANANTHU BHRANT5HAN
250 ## - EDITION STATEMENT
Edition statement 3
260 ## - PUBLICATION, DISTRIBUTION, ETC. (IMPRINT)
Place of publication THRISSUR
Name of publisher H&C PUBLISHING HOUSE
Year of publication 2006
300 ## - PHYSICAL DESCRIPTION
Number of Pages 64
650 ## - SUBJECT ADDED ENTRY--TOPICAL TERM
Topical Term MALAYALAM SHORT STORY
Geographic subdivision KERALA
942 ## - ADDED ENTRY ELEMENTS (KOHA)
Koha item type Books
Holdings
Withdrawn status Lost status Collection code Home library Current library Shelving location Date acquired Source of acquisition Cost, normal purchase price Full call number Accession Number Koha item type
    Fiction Main Library Main Library SHELF-6D- MALAYALAM SHORT STORIES 12/05/2009 PURCHASE 10.00 894.812.3 KAV/N 02040 Books